Enquiry into the farm structure, cropping pattern level of income on agriculturally progressive farms of Kanpur district, U.P (Record no. 13639)

MARC details
000 -LEADER
fixed length control field 00549nam a2200157Ia 4500
082 ## - DEWEY DECIMAL CLASSIFICATION NUMBER
Classification number TS.0338
100 ## - MAIN ENTRY--AUTHOR NAME
Personal name Singh, Dal Singar
245 #0 - TITLE STATEMENT
Title Enquiry into the farm structure, cropping pattern level of income on agriculturally progressive farms of Kanpur district, U.P
260 ## - PUBLICATION, DISTRIBUTION, ETC. (IMPRINT)
Year of publication 1980
Name of publisher Kanpur University
300 ## - PHYSICAL DESCRIPTION
Number of Pages 126p. + C D - 54
650 ## - SUBJECT ADDED ENTRY--TOPICAL TERM
Topical Term FARM INCOME - UTTAR PRADESH - KANPUR
650 ## - SUBJECT ADDED ENTRY--TOPICAL TERM
Topical Term CROPPING SYSTEMS - UTTAR PRADESH - KANPUR
650 ## - SUBJECT ADDED ENTRY--TOPICAL TERM
Topical Term AGRICULTURE - UTTAR PRADESH - KANPUR
710 ## - ADDED ENTRY--CORPORATE NAME
Corporate name or jurisdiction name as entry element Singh, Ram Iqbal
942 ## - ADDED ENTRY ELEMENTS (KOHA)
Koha item type Thesis
Source of classification or shelving scheme Dewey Decimal Classification
Holdings
Withdrawn status Lost status Damaged status Not for loan Home library Current library Date acquired Bill Date Full call number Accession Number Price effective from Koha item type
        NASSDOC Library NASSDOC Library 08/10/2004 2004-10-22 TS.0338 15587 18/04/2019 Thesis